000 00582nam a2200205 i 4500
001 58973
003 ES-MaACL
007 t|
008 031024s1986 sp ||||1| spa d
020 _a84-206-3165-5
245 0 0 _aEdda mayor /
_cedición de Luis Lerate ; traducción del islandés de Luis Lerate.
260 _aMadrid :
_bAlianza,
_c[1986]
300 _a365 p. ;
_c20 cm.
490 1 _aAlianza tres ;
_v165
500 _aIndice.
700 1 _aLerate, Luis.
_971745
830 0 0 _aAlianza tres
_v165
_9177344
852 _aES-MaACL
_jL-9977
_bR.111761
999 _c58973
_d58973